000
00290nam a2200109Ia 4500
082
_a
657.45 MAH
100
_a
Mahushi, Philip H.
_9
5774
245
_a
Basic International Control
260
_a
Dar es Salaam
_b
NBAA
_c
1985
300
_a
1985
942
_c
BK
999
_c
1254
_d
1254